=LDR 00000nam 2200000 4500 =001 INLIS000000000016799 =005 20250415080052 =035 ##$$a 0010-061300000016799 =008 250415################c##########0#ind## =041 ##$$a Ind =082 ##$$a 028.5 =090 ##$$a 028.5, Sya s =100 ##$$a Syahid, Erna N =245 1#$$a Sajadah Ahmad, Erna N. Syahid /$c Erna N. Syahid =260 ##$$a Semarang :$b Wilwan Pustaka Salam,$c 2002 =300 ##$$a 28 hlm : $b ilus ; $c 21 x 19 cm =650 #4$$a Bacanaan anak-anak =850 ##$$a NBPNMAT =084 ##$$a 028.5 SYA s =990 ##$$a 03980398 =990 ##$$a 20403339